000 01823nam a2200337 4500
001 0000023587
003 CO-CtgCURN
005 20250331184442.0
007 ta
008 160627s2012 000 0 eng d
020 _a9789586539715
040 _aCO-CtgCURN
_bspa
_ccoctgcurn
082 0 _a346.022
_bA779
100 1 _aArrubla Paucar, Jaime Alberto.
245 1 0 _aContratos mercantiles :
_bteoria general del negocio mercantil /
_cJaime Alberto Arrubla Paucar.
250 _a13a ed.
260 _aBogotá :
_bLegis,
_c2012.
300 _axvii; 512 p.
336 _2rdacontent
337 _2rdamedia
_asin mediacion
_bn
338 _2rdacarrier
_avolumen
_bnc
500 _aPontificia Universidad Javeriana, Facultad de Ciencias Juridicas - Caratula \ Incluye indice \ Edicion actualizada.
504 _aIncluye indice bibliografico.
505 8 _aLa autonomia de la voluntad y el derecho comercial -- Teoria de las obligaciones -- El abuso de la personalidad juridica -- Teoria general del contrato -- La responsabilidad precontractual -- Contratos mercantiles con arras -- Contratos mercantiles con clausula penal -- Clausula de imprevision contractua -- La representacion voluntaria -- Intereses comerciales en Colombia -- Cesion de posicion contractual -- Sancion del negocio juridico mercantil -- La interpretacion del contrato -- La responsabilidad civil contractual o extracontractual -- Tendencias de la responsabilidad contractual -- Responsabilidad de los administradores
650 1 4 _aContratos comerciales
_zColombia.
908 _a160627
942 _cBK
_h346.022
_iA779
_2ddc
999 _c20084
_d20084